Ramsgate walkway collapse: legal ramifications (Record no. 67446)

MARC details
000 -LEADER
fixed length control field 02065cam a2200313 4500
001 - CONTROL NUMBER
control field ABS64093
008 - FIXED-LENGTH DATA ELEMENTS--GENERAL INFORMATION
fixed length control field 000000n2001 000 0 eng u
035 ## - SYSTEM CONTROL NUMBER
System control number (Sirsi) u113241
100 ## - MAIN ENTRY--PERSONAL NAME
Personal name Barber, J.
245 ## - TITLE STATEMENT
Title Ramsgate walkway collapse: legal ramifications
260 ## - PUBLICATION, DISTRIBUTION, ETC.
Date of publication, distribution, etc. 2001
490 ## - SERIES STATEMENT
Series statement Construction Law Journal
Volume/sequential designation 17(1) 2001, 25-48(23)
520 ## - SUMMARY, ETC.
Summary, etc. Analyses the judgment in "HSE v Port Ramsgate Ltd and others" and related legal developments to structural safety and the wider implications for procurement and working practices. Considers: criminal liability for latent defects under the Health and Safety at Work etc. Act 1974; the common law duty of care in tort in such cases; the impact of the Management of Health and Safety at Work Regulations 1992 and the Construction (Design and Management) Regulations 1994; and the possibility of charges of manslaughter being brought. Calls for authoritative guidance on the role and responsibilities of design-build clients; statutory powers for the regulation of design-build contractors; a review of the Health and Safety at Work etc. Act, and of the use of jury trials for such prosecutions and fines and costs; review procedures to eliminate inadequacies in standards; the removal of legal confidentiality to enable relevant health and safety information to be released; and the implementation of the Law Commission's recommendations on corporate manslaughter.
590 ## - LOCAL NOTE (RLIN)
Local note ABS
650 ## - SUBJECT ADDED ENTRY--TOPICAL TERM
Topical term or geographic name entry element CONSTRUCTION (DESIGN AND MANAGEMENT) REGULATIONS 1994
650 ## - SUBJECT ADDED ENTRY--TOPICAL TERM
Topical term or geographic name entry element CONSTRUCTION (DESIGN AND MANAGEMENT) REGULATIONS 1994
650 ## - SUBJECT ADDED ENTRY--TOPICAL TERM
Topical term or geographic name entry element CORPORATE MANSLAUGHTER
650 ## - SUBJECT ADDED ENTRY--TOPICAL TERM
Topical term or geographic name entry element CRIMINAL LIABILITY
650 ## - SUBJECT ADDED ENTRY--TOPICAL TERM
Topical term or geographic name entry element DESIGN AND BUILD CONTRACTS
650 ## - SUBJECT ADDED ENTRY--TOPICAL TERM
Topical term or geographic name entry element DUTY OF CARE
650 ## - SUBJECT ADDED ENTRY--TOPICAL TERM
Topical term or geographic name entry element HEALTH AND SAFETY AT WORK ETC ACT 1974
650 ## - SUBJECT ADDED ENTRY--TOPICAL TERM
Topical term or geographic name entry element HSE V PORT RAMSGATE LTD AND OTHERS
650 ## - SUBJECT ADDED ENTRY--TOPICAL TERM
Topical term or geographic name entry element LATENT DEFECTS
650 ## - SUBJECT ADDED ENTRY--TOPICAL TERM
Topical term or geographic name entry element MANAGEMENT OF HEALTH AND SAFETY AT WORK REGULATIONS 1992
650 ## - SUBJECT ADDED ENTRY--TOPICAL TERM
Topical term or geographic name entry element QUALITY ASSURANCE
650 ## - SUBJECT ADDED ENTRY--TOPICAL TERM
Topical term or geographic name entry element RISK ANALYSIS
690 ## - LOCAL SUBJECT ADDED ENTRY--TOPICAL TERM (OCLC, RLIN)
Topical term or geographic name as entry element BUILT ENVIRONMENT-BUILDING STANDARDS
942 ## - ADDED ENTRY ELEMENTS (KOHA)
Suppress in OPAC 0
Holdings
Withdrawn status Lost status Source of classification or shelving scheme Damaged status Not for loan Home library Current library Shelving location Date acquired Total Checkouts Full call number Barcode Date last seen Copy number Price effective from Koha item type
    Dewey Decimal Classification     London London Journal article 25/06/2001   ABS64093 113241-1001 06/08/2019 1 06/08/2019 Journal article